HIGHEST RATED PLAYER IN FC 26 FOR EVERY COUNTRY LETTER C - Statistics

General Stats
  • This quiz has been taken 2 times
  • The average score is 3 of 15
Answer Stats
Country Player Overall % Correct
Canada🇨🇦 alphonso davies 84
100%
Czech Republic🇨🇿 patrik schick 85
100%
Croatia🇭🇷 joško gvardiol 84
50%
Colombia🇨🇴 luis díaz 85
50%
Congo🇨🇬 antoine makoumbou 73
0%
Cameroon🇨🇲 bryan mbeumo 85
0%
Cuba🇨🇺 christian joel sánchez 71
0%
Chile🇨🇱 gabriel arias 77
0%
Central African Republic🇨🇫 geoffrey kondogbia 78
0%
Cyprus🇨🇾 grigoris kastanos 72
0%
Cabo Verde🇨🇻 logan costa 77
0%
Chad🇹🇩 marius mouandilmadji 73
0%
Costa rica🇨🇷 patrick gilmar sequeira 71
0%
China🇨🇳 wu chengshu 74
0%
Comoros🇰🇲 zaydou youssouf 77
0%
No matching quizzes found
Score Distribution
Percent of People with Each Score
Percentile by Number Answered
Your Score History
You have not taken this quiz